| 000 | 01423nam a22002297a 4500 | ||
|---|---|---|---|
| 999 |
_c3921 _d3921 |
||
| 003 | OSt | ||
| 005 | 20241120095711.0 | ||
| 008 | 241120b ||||| |||| 00| 0 eng d | ||
| 020 | _a9781108863193 | ||
| 040 | _cKH8 | ||
| 082 | _a540 RYA | ||
| 100 |
_aRyan, Lawrie, _eauthor. |
||
| 245 |
_aChemistry for Cambridge International AS & A Level : _bCoursebook / _cLawrie Ryan and Roger Norris. |
||
| 260 |
_aCambridge ; _bCambridge University Press, _c2020. |
||
| 300 |
_axiv, 663 pages : _bcolour illustrations ; _c28 cm. |
||
| 520 | _aExtensive research through lesson observations, teacher interviews and work with our research community (the Cambridge Panel) means that this coursebook with digital access meets the real teaching needs of the chemistry classroom. Exam-style questions ensure students feel confident approaching assessment. New features provide reflection opportunities and self-evaluation checklists develop responsible learners. The coursebook provides a range of enquiry questions, such as practical activities, group work and debate questions that develop 21st century skills. It supports English as a second language learners with key command terms, accessible language and glossary definitions | ||
| 650 | _a Advanced supplementary examinations | ||
| 650 | _aChemistry Examinations Study guides | ||
| 650 |
_aChemistry problems _vexercises |
||
| 700 |
_aNorris, Roger, _eauthor. |
||
| 942 |
_2ddc _cNFIC |
||